The economic development of Northeast Asia / (Record no. 333)

MARC details
000 -LEADER
fixed length control field 00922cam a2200265 4500
001 - CONTROL NUMBER
control field 378
005 - DATE AND TIME OF LATEST TRANSACTION
control field 20181127161431.0
008 - FIXED-LENGTH DATA ELEMENTS--GENERAL INFORMATION
fixed length control field 020213s2002 enka b 001 0 eng
010 ## - LIBRARY OF CONGRESS CONTROL NUMBER
LC control number 2002022245
020 ## - INTERNATIONAL STANDARD BOOK NUMBER
International Standard Book Number 1858988675 (4 v. set)
043 ## - GEOGRAPHIC AREA CODE
Geographic area code ae-----
245 04 - TITLE STATEMENT
Title The economic development of Northeast Asia /
Statement of responsibility, etc. edited by Heather Smith.
260 ## - PUBLICATION, DISTRIBUTION, ETC.
Place of publication, distribution, etc. Cheltenham, UK ;
-- Northampton, MA :
Name of publisher, distributor, etc. Edward Elgar Pub.,
Date of publication, distribution, etc. c2002.
300 ## - PHYSICAL DESCRIPTION
Extent 4 v. :
Other physical details ill. ;
Dimensions 26 cm.
440 #3 - SERIES STATEMENT/ADDED ENTRY--TITLE
Title An Elgar reference collection
504 ## - BIBLIOGRAPHY, ETC. NOTE
Bibliography, etc. note Includes bibliographical references and indexes.
650 #0 - SUBJECT ADDED ENTRY--TOPICAL TERM
Topical term or geographic name entry element Fiscal policy
Geographic subdivision East Asia.
Topical term or geographic name entry element Industrial policy
Geographic subdivision East Asia.
Topical term or geographic name entry element Monetary policy
Geographic subdivision East Asia.
651 #0 - SUBJECT ADDED ENTRY--GEOGRAPHIC NAME
Geographic name East Asia
General subdivision Economic conditions.
Geographic name East Asia
General subdivision Economic integration.
Geographic name East Asia
General subdivision Economic policy.
Geographic name East Asia
General subdivision Foreign economic relations.
700 1# - ADDED ENTRY--PERSONAL NAME
Personal name Smith, Heather,
Dates associated with a name 1965-
Holdings
Withdrawn status Lost status Source of classification or shelving scheme Damaged status Not for loan Collection code Home library Current library Shelving location Serial Enumeration / chronology Inventory number Total Checkouts Full call number Barcode Date last seen Price effective from Koha item type
    Dewey Decimal Classification     Main TEST RTC Library RTC Library Main opac 1490   338.95 SMI 30000219 27/11/2018 27/11/2018 Main
    Dewey Decimal Classification     Main TEST RTC Library RTC Library Main opac 1491   338.95 SMI 30000353 27/11/2018 27/11/2018 Main
    Dewey Decimal Classification     Main TEST RTC Library RTC Library Main opac 1492   338.95 SMI 30000236 27/11/2018 27/11/2018 Main
    Dewey Decimal Classification     Main TEST RTC Library RTC Library Main opac 1493   338.95 SMI 30000230 27/11/2018 27/11/2018 Main
Royal Thimphu College || All Right Reserved